000 00307nam a22001337a 4500
008 170519b xxu||||| |||| 00| 0 eng d
020 _a015550195X
041 _aeng
080 _a94(7/8)
100 _a16
101 _aSHH
245 _aLATIN AMERICAN-UNITED STATES RELATIONS
_cGIL, F.G
942 _2udc
_cBK
999 _c13508
_d13508